Word Ladder: Movie Directors Quiz Stats

Quiz Updated May 31, 2016

Challenge
Share
Tweet
Embed
Score 0/26 Timer 03:00
1 Play Today
Hint 4-Letter Word % Correct
Lima, Fava or kidney, e.g.BEAN
93.8%
Shakespearean KingLEAR
90.7%
David ____ (Lawrence of Arabia)LEAN
87.2%
Narrow rural roadLANE
86.8%
Without accompaniment; solitaryLONE
86.5%
Major cereal cropCORN
85.6%
After the expected or usual timeLATE
84%
Extending a great distanceLONG
80.7%
Thin, flexible string or ropeCORD
79.9%
Body of traditions and knowledgeLORE
79.4%
Fritz ____ (Metropolis)LANG
79.4%
Joel & Ethan ____ (True Grit)COEN
79%
Have (something) on one's bodyWEAR
78.7%
Hint 4-Letter Word % Correct
Jackie ____ (Police Story)CHAN
77.5%
Leather strap used in horse ridingREIN
76.3%
Located toward the frontFORE
73.2%
John ____ (The Grapes of Wrath)FORD
71.8%
Actress Tara or footballer AndyREID
71.5%
German for 'Wine'WEIN
70.7%
Peter ____ (The Truman Show)WEIR
69.3%
Julie: CBS personality and TV hostCHEN
67.8%
Outer layers of cereal grainBRAN
64.4%
Carol ____ (The Third Man)REED
57.5%
Unit of capacity (37 gallons)CRAN
55.6%
Either of 2 London art galleriesTATE
54.4%
Jacques ____ (Mon Oncle)TATI
27%

Today's Daily Dose

Quick Pick
Brass Quintet

On This Day
May 22nd II

You're not logged in!

Compare scores with friends on all Sporcle quizzes.
Join for Free
OR
Log In

You Might Also Like...

Show Comments

Extras

Top Quizzes Today


Score Distribution

Your Account Isn't Verified!

In order to create a playlist on Sporcle, you need to verify the email address you used during registration. Go to your Sporcle Settings to finish the process.

Report this User

Report this user for behavior that violates our Community Guidelines.

Details: